Vista normal
Vista MARC
Entrada Materia (personas)
Número de registros utilizados en: 1
001 - CONTROL NUMBER
- control field: 81503
003 - CONTROL NUMBER IDENTIFIER
- control field: Co-BoUCM
005 - DATE AND TIME OF LATEST TRANSACTION
- control field: 20161101121741.0
008 - FIXED-LENGTH DATA ELEMENTS
- fixed length control field: 161101|| aca||aabn | a|a d
040 ## - CATALOGING SOURCE
- Original cataloging agency: Co-BoUCM
- Transcribing agency: Co-BoUCM
100 ## - HEADING--PERSONAL NAME
- Personal name: Ahmad, Eqbal
670 ## - SOURCE DATA FOUND
- Source citation: Work cat.: (Co-BoUCM)304583: Ahmad, Eqbal, Terrorism , 2001